[Event "Regionalliga SO 1314"]
[Site "Bayern"]
[Date "2014.04.06"]
[Round "9.8"]
[White "Stoppel, Michael"]
[Black "Walesch, Rainer"]
[Result "1/2-1/2"]
[WhiteElo "1880"]
[BlackElo "1740"]
[PlyCount "30"]
[EventDate "2013.10.13"]
[EventType "team-tourn"]
[EventRounds "9"]
[EventCountry "GER"]
[SourceTitle "EXT 2015"]
[Source "ChessBase"]
[SourceDate "2014.11.20"]
[SourceVersion "1"]
[SourceVersionDate "2014.11.20"]
[SourceQuality "1"]
[WhiteTeam "Trostberg"]
[BlackTeam "Tegernsee"]
[WhiteTeamCountry "GER"]
[BlackTeamCountry "GER"]

1. e4 c5 2. Nf3 d6 3. d4 cxd4 4. Nxd4 Nf6 5. Nc3 g6 6. Be2 Bg7 7. Be3 Nc6 8. f4 Bd7 9. 0-0 0-0 10. Nb3 Rc8 11. Bf3 b6 12. Qe2 Qc7 13. Nd5 Nxd5 14. exd5 Nb8 15. c3 Qc4 1/2-1/2

[Event "Landesliga Sued 1011"]
[Site "Bayern"]
[Date "2011.02.27"]
[Round "7.8"]
[White "Tafertshofer, Matthias"]
[Black "Walesch, Rainer"]
[Result "0-1"]
[WhiteElo "1840"]
[BlackElo "1595"]
[PlyCount "74"]
[EventDate "2010.10.10"]
[EventType "team-tourn"]
[EventRounds "9"]
[EventCountry "GER"]
[SourceTitle "EXT 2012"]
[Source "ChessBase"]
[SourceDate "2011.11.24"]
[SourceVersion "1"]
[SourceVersionDate "2011.11.24"]
[SourceQuality "1"]
[WhiteTeam "Weilheim"]
[BlackTeam "Tegernsee"]
[WhiteTeamCountry "GER"]
[BlackTeamCountry "GER"]

1. d4 Nf6 2. c4 g6 3. Nc3 d5 4. Nf3 Bg7 5. Bg5 c6 6. e3 0-0 7. Be2 b6 8. 0-0 Nbd7 9. Rc1 Bb7 10. Qb3 h6 11. Bh4 e6 12. Ne5 Qe8 13. Bg3 Kh7 14. cxd5 exd5 15. f4 Nxe5 16. fxe5 Ng8 17. e4 Ne7 18. exd5 cxd5 19. Nb5 Nf5 20. Bd3 Nxg3 21. hxg3 Qe6 22. Nc7 Qg4 23. Rf4 Qxg3 24. Rcf1 Rac8 25. Rxf7 Qe3+ 26. Kh1 Rxf7 27. Rxf7 Qc1+ 28. Kh2 Rxc7 29. Rf3 Qg5 30. Qb4 Qh4+ 31. Rh3 Bxe5+ 32. g3 Qxd4 33. Qd2 Bg7 34. Rxh6+ Kg8 35. Rxg6 Rf7 36. Kh3 Rf2 37. Qg5 Bc8+ 0-1